Marcatori dell'Uruguay in Copa América 2011 - Statistics

Statistiche generali
  • Questo quiz è stato fatto 3 volte
  • Il punteggio medio è 7 su 9
Statistiche sulle risposte
Partita Minuto Marcatore % Corretto
Uruguay - Paraguay 3-0 41' Diego Forlán
100%
Uruguay - Paraguay 3-0 89' Diego Forlán
100%
Uruguay - Peru 1-1 46' Luis Suárez
100%
Perù - Uruguay 0-2 52' Luis Suárez
100%
Perù - Uruguay 0-2 57' Luis Suárez
100%
Uruguay - Paraguay 3-0 11' Luis Suárez
100%
Uruguay - Cile 1-1 53' Álvaro Pereira
67%
Uruguay - Messico 1-0 14' Álvaro Pereira
67%
Argentina - Uruguay 5-6 (d.c.r.) 5' Diego Pérez
0%
Nessun quiz corrispondente trovato
Distribuzione punteggi
Percentuale di utenti per punteggio
Percentile per numero di risposta
I tuoi punteggi nel tempo
Non hai fatto questo quiz